| 000 | 01301nam a2200349 a 4500 | ||
|---|---|---|---|
| 001 | 50145 | ||
| 003 | BD-RjUL | ||
| 005 | 20211209075450.0 | ||
| 008 | 160823s1956 nyua b 000 0 eng | ||
| 035 | _a(BD-RjUL)50265 | ||
| 035 | _a(OCoLC)02193962 | ||
| 035 | _aGLIS00315701 | ||
| 040 |
_aDLC _cTOL _dm.c. _dSER _dRQB _beng |
||
| 041 | _aeng | ||
| 082 |
_a382 _bKIT 1956 |
||
| 090 |
_aHF3496 _b.K51 |
||
| 099 | _aHF3496.K51 | ||
| 100 | 1 |
_aKindleberger, Charles Poor, _d1910-2003. _9130594 |
|
| 245 | 1 | 4 |
_aThe terms of trade : _ba European case study / _cCharles P. Kindleberger, with the assistance of Herman G. van der Tak and Jaroslav Vanek. |
| 260 |
_aNew York : _bPublished jointly by the Technology Press of Massachusetts Institute of Technology and Wiley, _cc1956 |
||
| 300 |
_axx, 382 p. : _bill. ; _c24 cm. |
||
| 490 | 1 | _aTechnology Press books in the social sciences | |
| 504 | _aBibliographical footnotes. | ||
| 650 | 0 |
_aIncome _zEurope. _9150292 |
|
| 651 | 0 |
_aEurope _xCommerce. _9150293 |
|
| 700 |
_aTak , Herman G. van der _9150294 |
||
| 700 |
_aVanek, Jaroslav _9133926 |
||
| 830 | 0 |
_aTechnology Press books in the social sciences. _9150295 |
|
| 942 |
_2ddc _cBK |
||
| 949 |
_aMYGV _b39080004658198 _aMYGD _b39080004658180 _b39080004658172 _b39080004666175 |
||
| 999 |
_c50145 _d50145 |
||